| 000 | 00752cab a2200229 4500 | ||
|---|---|---|---|
| 001 | WB3127-37 | ||
| 008 | 090401t1995 xxu||||| |||| 00| 0 eng d | ||
| 035 | _a(Sirsi) u29061 | ||
| 041 | _aeng | ||
| 245 | _aAdas sell-off | ||
| 260 | _c1995 | ||
| 350 | _a0 | ||
| 490 |
_aFinancial Times _v11 July 1995, 10(1) |
||
| 520 | _aThe chief executive of Adas has resigned and is thought to be seeking financial support for a bid for the advisory service, which is to be privatised in 1997. There is a rival bid from other directors. | ||
| 650 | _aAGRICULTURAL DEVELOPMENT AND ADVISORY SERVICE | ||
| 650 | _aMANAGEMENT BUYOUTS | ||
| 650 | _aPRIVATISATION | ||
| 650 | _aWALSH JULIA | ||
| 690 | _aRURAL PRACTICE | ||
| 942 | _n0 | ||
| 948 | _c04/03/1997 | ||
| 999 |
_c19561 _d19561 |
||